Southville International School and Colleges
Your cart is empty.
  • Cart
  • Lists
    Public lists Eva Luna New books Lux_list list_1
    Your lists Log in to create your own lists
  • Log in to your account
  • Your cookies
  • Search history
Southville International School and Colleges
  • Advanced search
  • Recent comments
  • Most popular
  • Libraries

Log in to your account

Log in with GOOGLE


If you do not have an external account, but do have a local account, you can still log in:

  1. Home
  2. MARC view: Math word problems made easy /
Normal view MARC view ISBD view

Math word problems made easy / (Record no. 12381)

[ view plain ]
MARC details
000 -LEADER
fixed length control field 00537nam a22001937a 4500
003 - CONTROL NUMBER IDENTIFIER
control field PILC
005 - DATE AND TIME OF LATEST TRANSACTION
control field 20151028134833.0
008 - FIXED-LENGTH DATA ELEMENTS--GENERAL INFORMATION
fixed length control field 130930t xxu||||| |||| 00| 0 eng d
020 ## - INTERNATIONAL STANDARD BOOK NUMBER
International Standard Book Number 0439529743
050 ## - LIBRARY OF CONGRESS CALL NUMBER
Classification number QA 63
Item number .Sa128 2005
082 ## - DEWEY DECIMAL CLASSIFICATION NUMBER
Classification number GS 510
Item number Sa1 2005
100 ## - MAIN ENTRY--PERSONAL NAME
Personal name Safro, Jill
9 (RLIN) 22201
245 ## - TITLE STATEMENT
Title Math word problems made easy /
Statement of responsibility, etc Safro, Jill
Remainder of title Grade 6
260 ## - PUBLICATION, DISTRIBUTION, ETC. (IMPRINT)
Place of publication, distribution, etc New York :
Name of publisher, distributor, etc Teaching resources,
Date of publication, distribution, etc 2005.
300 ## - PHYSICAL DESCRIPTION
Extent 80 p. :
Other physical details ill. ;
Dimensions 80 cm.
650 ## - SUBJECT ADDED ENTRY--TOPICAL TERM
Topical term or geographic name as entry element Mathematics.
9 (RLIN) 210
942 ## - ADDED ENTRY ELEMENTS (KOHA)
Source of classification or shelving scheme Library of Congress Classification
Koha item type Books
Holdings
Withdrawn status Lost status Source of classification or shelving scheme Damaged status Home library Current library Shelving location Date acquired Total Checkouts Full call number Barcode Date last seen Copy number Price effective from Koha item type
    Library of Congress Classification   Luxembourg Library Luxembourg Library Grade School Section 09/30/2013   QA 63 .Sa128 2005 16676 02/15/2020 1 09/30/2013 Books

Math word problems made easy /

APA

Safro J., . (2005). Math word problems made easy. New York: Teaching resources.

Chicago

Safro Jill, . 2005. Math word problems made easy. New York: Teaching resources.

Harvard

Safro J., . (2005). Math word problems made easy. New York: Teaching resources.

MLA

Safro Jill, . Math word problems made easy. New York: Teaching resources. 2005.

  • Place hold
  • Print
  • Cite
  • Add to your cart (remove)
  • Save record
    BIBTEX Dublin Core MARCXML MARC (non-Unicode/MARC-8) MARC (Unicode/UTF-8) MARC (Unicode/UTF-8, Standard) MODS (XML) RIS
  • More searches
    Search for this title in:
    Other Libraries (WorldCat) Other Databases (Google Scholar) Online Stores (Bookfinder.com) Open Library (openlibrary.org)

Exporting to Dublin Core...

SOUTHVILLE LIBRARY

Southville International School and Colleges Library

1281 Tropical Ave. Cor. Luxembourg St., BF Homes International, Las Pinas City

Tel. No. 8256374 / 252358 Loc. 117/146

Powered by Koha